Państwa wydobywające najwięcej żelaza - Statystyki

Ogólne statystyki
  • Ten quiz został rozwiązany 109 razy
  • Średni wynik to 8 z 10
Statystyki odpowiedzi
W milionach ton Kraj % Poprawnych
46 Stany Zjednoczone
99%
340 Chiny
98%
100 Rosja
98%
47 Kanada
92%
190 Indie
87%
880 Australia
84%
440 Brazylia
84%
68 Republika Południowej Afryki
71%
63 Ukraina
40%
35 Iran
37%
Nie znaleziono quizów pasujących do podanych kryteriów
Rozkład punktacji
Procent ludzi z każdym wynikiem
Percentyl według liczby udzielonych odpowiedzi
Twoja historia wyników
Nie rozwiązałeś tego quizu